Top Countries by Stadium Capacity - Statistics

General Stats
  • This quiz has been taken 23 times
  • The average score is 7 of 10
Answer Stats
Top Capacity Country % Correct
99,354 Spain
95%
90,652 United Kingdom
95%
107,601 United States
95%
87,523 Mexico
80%
132,000 India
75%
100,024 Australia
70%
113,281 North Korea
65%
93,940 Egypt
55%
94,736 South Africa
50%
88,966 Qatar
45%
No matching quizzes found
Score Distribution
Percent of People with Each Score
Percentile by Number Answered
Your Score History
You have not taken this quiz